000 00625naa a2200205 4500
001 178630
003 ES-MaBCM
005 20241016192351.0
008 100716s2010 esp|r0p 0 ||spa d
021 _axx
035 _a(OCoLC)1365194770
040 _cES-MaBCM
100 1 _aGonzález Bustos, María Ángeles
_919510
245 1 0 _aEl debate del cambio climático en España
_cMª Ángeles González Bustos
650 2 7 _aClima
_957938
651 2 4 _aEspaña
_9115342
773 0 _aEn:
_t Actualidad administrativa
_dMadrid
_w104209
_gN. 6 (marzo 2010), p. 652-661
942 _cAREV
999 _c178630
_d178630
650 0 _aCambio climático
_9126478